<?xml version="1.0" encoding="UTF-8"?>
<record
    xmlns:xsi="http://www.w3.org/2001/XMLSchema-instance"
    xsi:schemaLocation="http://www.loc.gov/MARC21/slim http://www.loc.gov/standards/marcxml/schema/MARC21slim.xsd"
    xmlns="http://www.loc.gov/MARC21/slim">

  <leader>02125cam a2200325 a 4500</leader>
  <datafield tag="999" ind1=" " ind2=" ">
    <subfield code="c">3393</subfield>
    <subfield code="d">3393</subfield>
  </datafield>
  <controlfield tag="003">INP</controlfield>
  <controlfield tag="005">20181101143301.0</controlfield>
  <controlfield tag="008">060615s2007    enkab  frb   i001 0 eng d</controlfield>
  <datafield tag="015" ind1=" " ind2=" ">
    <subfield code="a">GBA659272</subfield>
    <subfield code="2">bnb</subfield>
  </datafield>
  <datafield tag="016" ind1="7" ind2=" ">
    <subfield code="a">013504879</subfield>
    <subfield code="2">Uk</subfield>
  </datafield>
  <datafield tag="020" ind1=" " ind2=" ">
    <subfield code="a">100821365150</subfield>
  </datafield>
  <datafield tag="020" ind1=" " ind2=" ">
    <subfield code="a">9780821365151</subfield>
  </datafield>
  <datafield tag="040" ind1=" " ind2=" ">
    <subfield code="a">EG-INP</subfield>
    <subfield code="c">EG-INP</subfield>
    <subfield code="b">ara</subfield>
  </datafield>
  <datafield tag="082" ind1="0" ind2="4">
    <subfield code="a">338.9</subfield>
    <subfield code="2">21</subfield>
    <subfield code="b">d e</subfield>
  </datafield>
  <datafield tag="245" ind1="0" ind2="0">
    <subfield code="a">Delivering on the promise of pro-poor growth : </subfield>
    <subfield code="b">insights and lessons from country experiences / </subfield>
    <subfield code="c">Timothy Besley and Louise J. Cord, editors.</subfield>
  </datafield>
  <datafield tag="260" ind1=" " ind2=" ">
    <subfield code="a">Basingstoke [England] ; </subfield>
    <subfield code="a">New York : </subfield>
    <subfield code="b">Palgrave Macmillan ; </subfield>
    <subfield code="a">Washington DC : </subfield>
    <subfield code="b">World Bank, </subfield>
    <subfield code="c">2007.</subfield>
  </datafield>
  <datafield tag="300" ind1=" " ind2=" ">
    <subfield code="a">253 p. : </subfield>
    <subfield code="b">ill., map ; </subfield>
    <subfield code="c">23 cm.</subfield>
  </datafield>
  <datafield tag="504" ind1=" " ind2=" ">
    <subfield code="a">Includes bibliographical references and index.</subfield>
  </datafield>
  <datafield tag="505" ind1="0" ind2=" ">
    <subfield code="a">Overview / Louise J. Cord -- How Indonesia connected the poor to rapid economic growth / C. Peter Timmer -- The policy origins of poverty and growth in India / Timothy Besley, Robin Burgess, and Berta Esteve-Volart -- Explaining pro-poor growth in Bangladesh: puzzles, evidence, and implications / Binayak Sen, Mustafa K. Muferi, and Quazi Shahabuddin -- Pro-poor growth in Vietnam: miracle or model? / Rainer Klump -- Ghana: the challenge of translating sustained growth into poverty reduction / Ernest Aryeetey and Andrew McKay -- Uganda's experience with operationalizing pro-poor growth, 1922 to 2003 / John A. Okidi ... [et al.] -- The success of pro-poor growth in rural and urban Tunisia / Mohamed H&#xE9;di Lahouel -- Human capital, inequality, and pro-poor growth in Brazil / Na&#xE9;rcio Menezes-Filho and L&#xED;gia Vasconcellos.</subfield>
  </datafield>
  <datafield tag="650" ind1=" " ind2="0">
    <subfield code="a">Economic development</subfield>
    <subfield code="v">Case studies.</subfield>
  </datafield>
  <datafield tag="650" ind1=" " ind2="0">
    <subfield code="a">Poverty</subfield>
    <subfield code="x">Government policy</subfield>
    <subfield code="v">Case studies.</subfield>
  </datafield>
  <datafield tag="700" ind1="1" ind2=" ">
    <subfield code="a">Besley, Timothy, </subfield>
    <subfield code="e">Editor</subfield>
  </datafield>
  <datafield tag="700" ind1="1" ind2=" ">
    <subfield code="a">Cord, Louise, </subfield>
    <subfield code="e">Editor</subfield>
  </datafield>
  <datafield tag="901" ind1=" " ind2=" ">
    <subfield code="a">EGPV19</subfield>
  </datafield>
  <datafield tag="902" ind1=" " ind2=" ">
    <subfield code="a"> EGPV5</subfield>
  </datafield>
  <datafield tag="903" ind1=" " ind2=" ">
    <subfield code="a">copycat</subfield>
  </datafield>
  <datafield tag="952" ind1=" " ind2=" ">
    <subfield code="0">0</subfield>
    <subfield code="a">INP</subfield>
    <subfield code="b">INP</subfield>
    <subfield code="y">IO</subfield>
  </datafield>
</record>
